Pretty Little Liars personnages - Statistiques

Statistiques générales
  • Ce quiz a été pris 764 fois
  • Le résultat moyen est 21 sur 51
Statistiques - réponses
Réponse % Correct
Aria Montgomery
90%
Spencer Hastings
88%
Hanna Marin
87%
Emily Fields
84%
Alison DiLaurentis
83%
Ella Montgomery
71%
Ezra Fitz
71%
Mike Montgomery
71%
Melissa Hastings
70%
Ashley Marin
69%
Jason DiLaurentis
69%
Byron Montgomery
67%
Pam Fields
67%
Toby Cavanaugh
67%
Caleb Rivers
64%
Veronica Hastings
64%
Cece Drake
61%
Peter Hastings
60%
Mona Vanderwaal
58%
Tom Marin
57%
Mary Drake
48%
Wayne Fields
48%
Jenna Cavanaugh
43%
Maya St Germain
43%
Kenneth DiLaurentis
38%
Noel Kahn
38%
Paige McCullers
37%
Darren Wilden
35%
Ian Thomas
34%
Wren Kingston
34%
Garrett Reynolds
28%
Linda Tanner
24%
Lucas Gottesman
22%
Gabriel Holbrook
21%
Nate St Germain
19%
Samara Cook
19%
Ted
17%
Wesley Fitzgerald
15%
Alex Santiago
14%
Anne Sullivan
14%
Jackie Molina
14%
Sean Ackard
14%
Kate Randall
13%
Sydney Driscoll
12%
Dianne Fitzgerald
11%
Meredith Sorenson
11%
Ben Coogan
10%
Maggie Cutler
10%
Travis Hobbs
10%
Dean Stavros
4%
Lesli Stone
3%
Aucun quiz correspondant
Distribution des résultats
% des personnes avec chaque résultat
Percentile par nombre de réponses
Votre historique - résultats
Vous n’avez pas pris ce quiz